00732nam a2200181 a 450000100100000000500170001000800410002704000250006810000350009324501280012826000400025630000200029649000360031670000330035283000430038595201050042899900170053300004286120201002040443.0140211s2001 xxu 000 0 spa d aDO-SdBNPbspacBNPHU1 aCosta, Carlos Eurico de97026013aLa Ciudad de Palagüin :ba cidade de Palagüin /cCarlos Eurico de Costa : edición y tradución Perfecto E. Cuadrado. aMérida :bUnión Europea,c2001. a57 p. ;c21 cm.1 aLa estirpe de los Arconautasv21 aCuadrado, Perfecto E.969923 0aLa estirpe de los Arconautasv2970261 001050718MOaGRbGRcCTd2014-02-11iLF1l0o p42861-10r2020-06-25w2020-06-25y1ZNo se presta c42350d42350